Superodpočet nákladov na výskum a vývoj

Moderná ekonomika, ktorá si chce zachovať svoju konkurencieschopnosť na medzinárodných trhoch, sa bez podnikového výskumu a vývoja nezaobíde. Z toho dôvodu bol pre firmy novelizáciou zákona o dani z príjmov od 1.1.2015 umožnený v paragrafe 30c tzv. "superodpočet" nákladov na výskum a vývoj od základ...

Descrizione completa

Salvato in:
Dettagli Bibliografici
Autore principale: Horniaček, Peter
Natura: Capitolo di libro
Lingua:slovacco
Soggetti:
Tags: Aggiungi Tag
Nessun Tag, puoi essere il primo ad aggiungerne!!

MARC

LEADER 00000naa a2200000 4500
001 0207068
005 20231114104205.6
041 0 |a slo 
044 |a SK 
245 1 0 |a Superodpočet nákladov na výskum a vývoj  |c Peter Horniaček 
520 |a Moderná ekonomika, ktorá si chce zachovať svoju konkurencieschopnosť na medzinárodných trhoch, sa bez podnikového výskumu a vývoja nezaobíde. Z toho dôvodu bol pre firmy novelizáciou zákona o dani z príjmov od 1.1.2015 umožnený v paragrafe 30c tzv. "superodpočet" nákladov na výskum a vývoj od základu dane. 
610 2 0 |a podnik 
610 2 0 |a výskum podnikový 
610 2 0 |a vývoj 
610 2 0 |a náklady 
610 2 0 |a odpisy 
100 1 |a Horniaček, Peter